| 000 | 00698nam a22002417a 4500 | ||
|---|---|---|---|
| 003 | URS | ||
| 005 | 20250828100511.0 | ||
| 008 | 250408b ||||| |||| 00| 0 eng d | ||
| 020 | _a9789719477310 | ||
| 040 | _cURS | ||
| 050 |
_aPL6141 _b.Au7 2012 |
||
| 100 |
_912207 _aAustero, Cecilia S. |
||
| 245 | _aPanitikang Pilipino | ||
| 264 |
_aSta. Mesa Manila _bRajah Publishing House _c©2012 |
||
| 300 |
_a302 pages.,: _c26 cm. |
||
| 336 |
_2rdacontent _atext |
||
| 337 |
_2rdamedia _aunmediated |
||
| 338 |
_2rdacarrier _avolume |
||
| 650 | 0 |
_96634 _aPhilippine Literature -- History and Criticism. |
|
| 700 |
_912208 _aSuguran, Tessie S. |
||
| 700 |
_911150 _aAbueg, Efren R. |
||
| 942 |
_2lcc _cF |
||
| 999 |
_c84995 _d84993 |
||